Ensemble Forecasting Applied to Power Systems (Record no. 33818)

MARC details
000 -LEADER
fixed length control field 01071nam a2200121Ia 4500
008 - FIXED-LENGTH DATA ELEMENTS--GENERAL INFORMATION
fixed length control field 220620s9999||||xx |||||||||||||| ||und||
100 ## - MAIN ENTRY--PERSONAL NAME
Personal name Bracale, Antonio||Falco, Pasquale De
245 #0 - TITLE STATEMENT
Title Ensemble Forecasting Applied to Power Systems
546 ## - LANGUAGE NOTE
Language note English[eng]
650 ## - SUBJECT ADDED ENTRY--TOPICAL TERM
Topical term or geographic name entry element forecast combination||solar energy||electricity price forecasting||calibration window||heuristic algorithm||deep learning||electric load forecasting||smart grids||hierarchical load forecasting||predictive distribution||solar PV||solar farm||microgrid||energy management||lower and upper bound estimation||solar power prediction||interval prediction||kernel density estimation||average probability forecast||probabilistic forecasting||forecasting||distributed energy resources||photovoltaic power||conditional predictive ability||clearness index||Fourier series||combining forecasts||weather station combination||distributed generation||clear sky index||extreme learning machine||ensemble methods||pinball score||autoregression
856 ## - ELECTRONIC LOCATION AND ACCESS
Uniform Resource Identifier <a href="https://mdpi.com/books/pdfview/book/2072">https://mdpi.com/books/pdfview/book/2072</a>
942 ## - ADDED ENTRY ELEMENTS (KOHA)
Koha item type E-Books
Holdings
Withdrawn status Lost status Damaged status Not for loan Home library Current library Date acquired Total Checkouts Date last seen Price effective from Koha item type
        Kerala University of Digital Sciences, Innovation and Technology Knowledge Centre Kerala University of Digital Sciences, Innovation and Technology Knowledge Centre 20/06/2022   20/06/2022 20/06/2022 E-Books